000 00575nam a22001937a 4500
005 20150416103316.0
010 _aENG-112332
020 _a9789382536741
_c140.00
035 _aEN-95864
037 _bDBAD/PUB
082 _aN
100 _aSareen Reddy, Payal
245 _aShadi on toes /
_cby Payal Sareen Reddy [and] Ashoka Bala Reddy
260 _aNew Delhi
_bLiFi Publications
_c2015
270 _a211, 2nd Floor, Gagandeep, 12 Rajendra Place
_bNew Delhi
_e110008
300 _ax, 165p.
_c22cm(pbk)
700 _aBala Reddy, Ashoka
942 _2ddc
_cEN
_mSAR
_hN
999 _c92119
_d92119